The american way in taxation : (Registro nro. 7761)

Detalles MARC
000 -LEADER
fixed length control field 02012nam a2200229Ia 4500
003 - CONTROL NUMBER IDENTIFIER
control field OSt
005 - DATE AND TIME OF LATEST TRANSACTION
control field 20210513115027.0
008 - FIXED-LENGTH DATA ELEMENTS--GENERAL INFORMATION
fixed length control field 210310t1963 eu ao fr 001 0 eng d
040 ## - CATALOGING SOURCE
Original cataloging agency CO-JMCR
Transcribing agency CO-JMCR
041 0# - LANGUAGE CODE
Language code of text/sound track or separate title eng
082 04 - DEWEY DECIMAL CLASSIFICATION NUMBER
Classification number 336.206173 /
Item number D699a
Edition number 23
100 1# - MAIN ENTRY--PERSONAL NAME
Personal name Doris, Lillian,
9 (RLIN) 15379
Relator term editora
245 14 - TITLE STATEMENT
Title The american way in taxation :
Remainder of title internal revenue, 1862-1963 /
Statement of responsibility, etc. Lillian Doris
260 ## - PUBLICATION, DISTRIBUTION, ETC.
Place of publication, distribution, etc. Englewood Cliffs, N.J. :
Name of publisher, distributor, etc. Prentice-Hall,
Date of publication, distribution, etc. ©1963
300 ## - PHYSICAL DESCRIPTION
Other physical details xiv, 301 páginas :
Extent ilustraciones y fotografías a blanco y negro ;
Dimensions 24 cm.
500 ## - GENERAL NOTE
General note Incluye índice alfabético.
505 0# - FORMATTED CONTENTS NOTE
Formatted contents note The U.S Tax System -- Historical roots of taxation and tax administration --Organization of the internal revenue service-the natinal office -- Organization of the internal revenue servicie field operations -- The new direction in tax administration -- The greatest change in a century of tax collection automatic data processing (ADP) -- Enforcement of the tax laws-Audits and appeals -- Problem areas and the enforcement program -- Travel and entertainment expenses-A Special problem -- Collecting taxes through withholding -- Two field of unifique tax activities -- The cost collecting taxes -- Cooperation with the business community-New Depreciation guidelines -- Issuing rulings and determination letters to tax-payers -- The lega advisors in the internal revenue service -- Tax engineers and the depletion problem -- Intelligence operations against fraud and crime -- Integrity through the inspection service -- Controlof the tax practitioner -- Career opportunities in the internal revenue service -- The role of the internal revenue service in the alliance for progress -- Federal and state tax cooperation -- Cooperation with federal agencies--Planning and research for better tax administration
650 14 - SUBJECT ADDED ENTRY--TOPICAL TERM
Topical term or geographic name entry element Fiscalidad
9 (RLIN) 15381
Geographic subdivision Estados Unidos
650 14 - SUBJECT ADDED ENTRY--TOPICAL TERM
Topical term or geographic name entry element Derecho administrativo
Geographic subdivision Estados Unidos
9 (RLIN) 37604
650 14 - SUBJECT ADDED ENTRY--TOPICAL TERM
Topical term or geographic name entry element Finanzas públicas
Geographic subdivision Estados Unidos
9 (RLIN) 37605
942 ## - ADDED ENTRY ELEMENTS (KOHA)
Source of classification or shelving scheme Dewey Decimal Classification
Koha item type Books
Existencias
Withdrawn status Lost status Source of classification or shelving scheme Damaged status Not for loan Collection code Home library Current library Date acquired Source of acquisition Full call number Barcode Date last seen Copy number Koha item type
    Dewey Decimal Classification     Non-fiction Biblioteca Pública José María del Castillo y Rada Biblioteca Pública José María del Castillo y Rada 04/15/2018 Donación 336.206173 / D699a 430004533 05/16/2024 Ej.1 Books